| 000 | 01050nac a22002291u 4500 | ||
|---|---|---|---|
| 008 | 100907s2006 xxu||||| |||| 00| 0 eng d | ||
| 010 | _a2005041558 | ||
| 020 | _a0072257733 (alk. paper) | ||
| 082 | 0 | 0 |
_a005.446 _bHOL _222 |
| 100 |
_aHolcombe, Jane. _918490 |
||
| 245 | 1 | 0 |
_aSurvey of operating systems / _cJane Holcombe and Charles Holcombe. |
| 250 | _a2nd ed. | ||
| 260 |
_aBoston : _bMcGraw-Hill Higher Education,2006 _c2006. |
||
| 300 |
_axvi, 682 p. : _bcol. ill. ; _c29 cm. |
||
| 440 | 0 |
_aMike Meyers' computer skills _918491 |
|
| 650 | 0 |
_aOperating systems (Computers) _918492 |
|
| 700 | 1 |
_aHolcombe, Charles. _918493 |
|
| 856 | 4 | 2 |
_3Publisher description _uhttp://www.loc.gov/catdir/enhancements/fy0623/2005041558-d.html |
| 856 | 4 | 2 |
_3Table of contents only _uhttp://www.loc.gov/catdir/enhancements/fy0623/2005041558-t.html |
| 942 |
_cBB _k005.446H699 _2ddc |
||
| 999 |
_c2244 _d2244 |
||